The Last Word: Musicals Quiz Stats

 Plays Quiz Updated Dec 12, 2015

Score 0/36 Timer 05:00
8 Plays Today
Hint Answer % Correct
Les MisérablesDream
97.9%
The Sound Of MusicMountain
94%
The Wizard Of OzWizard
94%
ChicagoJazz
92.9%
The Wizard Of OzRainbow
92.7%
The Sound Of MusicMi
92%
Jersey BoysCry
91.3%
Phantom Of The OperaReturn
89.8%
Phantom Of The OperaNight
89%
ChicagoDazzle
87.7%
Anything GoesYou
85.3%
Oklahoma!Mornin'
80.9%
West Side StoryHeart
77.9%
Anything GoesBlow
76.8%
CarouselLow
75.5%
My Fair LadySpain
73.5%
Jersey BoysMan
73.1%
CarouselAlone
73%
Hint Answer % Correct
West Side StoryPretty
70.3%
Les MisérablesMore
69.3%
Les MisérablesCloud
68.4%
My Fair LadyLoverly
67.4%
South PacificEvening
66.3%
Oklahoma!City
61.1%
Oklahoma!No
59.9%
ChicagoTango
59.5%
The Sound Of MusicGoatherd
53.5%
Phantom Of The OperaMusic
52%
My Fair LadyHim
47.5%
West Side StoryThat
40.5%
CarouselAll
40.1%
South PacificHa'i
39.4%
Jersey BoysBaby
38.1%
Anything GoesTop
34.8%
The Wizard Of OzNerve
31.3%
South PacificSpringtime
26%

You're not logged in!

Compare scores with friends on all Sporcle quizzes.
OR
Log In

Show Comments

Extras

Top Quizzes Today


Score Distribution

Your Account Isn't Verified!

In order to create a playlist on Sporcle, you need to verify the email address you used during registration. Go to your Sporcle Settings to finish the process.

Report this User

Report this user for behavior that violates our Community Guidelines.

Details: